[Event "Master"]
[Site "Dortmund"]
[Date "1999.07.09"]
[Round "1"]
[White "Maric, Alica"]
[Black "Varga, Zoltan"]
[Result "1/2-1/2"]
[WhiteElo "2489"]
[BlackElo "2541"]
[PlyCount "95"]

1. Nf3 c5 2. c4 b6 3. Nc3 Bb7 4. e4 Nf6 5. e5 Ne4 6. Nxe4 Bxe4 7. Be2 Nc6 8. d3
Bxf3 9. Bxf3 g6 10. O-O Bg7 11. Bf4 Rc8 12. Re1 O-O 13. Qd2 Qc7 14. Bxc6 Qxc6
15. Re2 d5 16. exd6 exd6 17. Rae1 d5 18. Be5 Rcd8 19. Bxg7 Kxg7 20. Qc3+ Qf6
21. Qxf6+ Kxf6 22. b3 Rd7 23. h4 h5 24. g3 Rfd8 25. Re3 dxc4 26. dxc4 Rd1 27.
Rxd1 Rxd1+ 28. Kg2 Rd2 29. a4 Rb2 30. Kf3 Kf5 31. Rc3 f6 32. Rd3 Ke6 33. Ke3
Kf5 34. Kf3 Rb1 35. Rd5+ Ke6 36. Rd3 g5 37. hxg5 fxg5 38. Ke3 Rb2 39. Kf3 Rb1
40. Ke3 Re1+ 41. Kf3 a5 42. Rd5 Re5 43. Rd8 g4+ 44. Kg2 Kf5 45. Rd6 Re6 46.
Rd5+ Re5 47. Rd6 Re6 48. Rd5+ 1/2-1/2

[Event "Master"]
[Site "Dortmund"]
[Date "1999.07.09"]
[Round "1"]
[White "Mainka, Gregor"]
[Black "Feygin, Michael"]
[Result "0-1"]
[WhiteElo "2340"]
[BlackElo "2520"]
[PlyCount "78"]

1. Nf3 Nf6 2. d4 c5 3. g3 cxd4 4. Nxd4 e5 5. Nb3 d5 6. Bg2 h6 7. O-O Nc6 8. Nc3
Be6 9. f4 Qd7 10. fxe5 Nxe5 11. Be3 Nc4 12. Bd4 Nxb2 13. Qe1 Na4 14. Bxf6 gxf6
15. Nxd5 Bxd5 16. Rd1 Nb6 17. Bxd5 Nxd5 18. e4 O-O-O 19. Rxd5 Qc6 20. Rxd8+
Kxd8 21. Qa5+ Kc8 22. Rf3 b6 23. Qf5+ Kb8 24. Qxf6 Bc5+ 25. Kg2 Rc8 26. Qxc6
Rxc6 27. Rxf7 Be3 28. Kf3 Bg1 29. Kg2 Be3 30. Kf3 Bg1 31. e5 a5 32. Kg2 Be3 33.
Kf3 Bg1 34. Ke4 Rxc2 35. e6 Re2+ 36. Kd5 a4 37. e7 axb3 38. Kc6 bxa2 39. Rf1
Bc5 0-1

[Event "Master"]
[Site "Dortmund"]
[Date "1999.07.09"]
[Round "1"]
[White "Naiditsch, Arkadij"]
[Black "Bischoff, Klaus"]
[Result "0-1"]
[WhiteElo "2425"]
[BlackElo "2500"]
[PlyCount "108"]

1. Nf3 Nf6 2. g3 d5 3. Bg2 e6 4. O-O Be7 5. c4 O-O 6. cxd5 exd5 7. d3 c5 8. Nc3
Nc6 9. Bf4 d4 10. Na4 Nd5 11. Bd2 b6 12. a3 Be6 13. e4 dxe3 14. fxe3 Rc8 15.
Qe2 Qd7 16. b4 cxb4 17. e4 Nc7 18. axb4 Rfd8 19. Kh1 Nb5 20. Ng5 Bxg5 21. Bxg5
f6 22. Bf4 Qxd3 23. Qxd3 Rxd3 24. Rfc1 Rdd8 25. Nc3 Nxc3 26. Rxc3 Nxb4 27. Rxc8
Bxc8 28. Bf1 Bb7 29. Bc4+ Kh8 30. Rxa7 Bxe4+ 31. Kg1 Nc6 32. Ra6 g5 33. Bc7 Rd2
34. Ra8+ Kg7 35. Rg8+ Kh6 36. Rf8 Kg6 37. Rg8+ Kf5 38. Re8 Ne5 39. Be6+ Kg6 40.
Bxe5 fxe5 41. Bg4 Bf5 42. Rg8+ Kf7 43. Rxg5 Bxg4 44. Rxg4 Rb2 45. Rg5 Kf6 46.
Rh5 b5 47. Rxh7 b4 48. h4 b3 49. Rb7 e4 50. Rb6+ Kf5 51. h5 e3 52. g4+ Kxg4 53.
h6 Rb1+ 54. Kg2 e2 0-1

[Event "Master"]
[Site "Dortmund"]
[Date "1999.07.09"]
[Round "1"]
[White "Scmittdiel, Eckhard"]
[Black "Poldauf, Dirk"]
[Result "1-0"]
[WhiteElo "2500"]
[BlackElo "2450"]
[PlyCount "143"]

1. e4 e6 2. d4 d5 3. Nc3 Bb4 4. exd5 exd5 5. Nge2 Nf6 6. a3 Be7 7. Bg5 O-O 8.
Qd2 Re8 9. f3 c6 10. h4 b5 11. Kf2 a5 12. Nd1 c5 13. Ndc3 Ba6 14. Bxf6 Bxf6 15.
dxc5 b4 16. axb4 axb4 17. Nxd5 Bxb2 18. Rb1 Ba3 19. Nef4 b3 20. Rxb3 Bxc5+ 21.
Kg3 Nc6 22. Qc3 Qd6 23. Bxa6 Rxa6 24. Rd1 Ra4 25. Rb5 Bd4 26. Qb3 Ra3 27. Qc4
Ba7 28. Rb7 Qh6 29. Ne7+ Nxe7 30. Kh3 Bf2 31. Nd3 Rc3 32. Rxe7 Rxe7 33. Nxf2
Qe6+ 34. Qxe6 fxe6 35. Rd2 Rec7 36. Ne4 Rxc2 37. Rd8+ Kf7 38. Ng5+ Kg6 39. Nxe6
Re7 40. Rd6 Ra2 41. Ng5+ Kf5 42. Nxh7 Ree2 43. Rd5+ Kg6 44. Nf8+ Kf7 45. Rf5+
Ke8 46. g3 Ra6 47. Nh7 Rh6 48. Ng5 Rf6 49. Ra5 Rd6 50. Kg4 Re7 51. h5 Red7 52.
Re5+ Re7 53. Rb5 Red7 54. Ne4 Rc6 55. f4 Ke7 56. Re5+ Kf8 57. Nc5 Re7 58. Rf5+
Kg8 59. Rd5 Kh7 60. Kg5 Rb6 61. Nd7 Ra6 62. Nf8+ Kg8 63. Rd8 Kf7 64. Ng6 Re8
65. Rd7+ Kg8 66. g4 Rf6 67. Ne7+ Kh7 68. Nf5 Rg8 69. h6 Ra6 70. hxg7 Re8 71.
Ne7 Kxg7 72. Ng6+ 1-0

[Event "Master"]
[Site "Dortmund"]
[Date "1999.07.10"]
[Round "2"]
[White "Maric, Alisa"]
[Black "Naiditsch, Arkadij"]
[Result "1/2-1/2"]
[WhiteElo "2484"]
[BlackElo "2425"]
[PlyCount "71"]

1. Nf3 Nf6 2. c4 g6 3. g3 c6 4. b3 Bg7 5. Bb2 b5 6. Bg2 bxc4 7. bxc4 Qb6 8. Qb3
Na6 9. O-O O-O 10. d3 Rb8 11. Qxb6 axb6 12. Nc3 b5 13. cxb5 cxb5 14. Rfc1 Bb7
15. Nd4 Bxg2 16. Kxg2 b4 17. Na4 Nd5 18. e4 Nb6 19. Nxb6 Rxb6 20. Rab1 Rd6 21.
Rc4 Rb8 22. Kf1 e5 23. Nf3 Rxd3 24. Ke2 Rd6 25. Bxe5 Bxe5 26. Nxe5 Re8 27. Nd3
Rc6 28. Rxc6 dxc6 29. Ke3 c5 30. Rc1 Rc8 31. Rc4 Rb8 32. Nxc5 Rc8 33. Kd4 Rd8+
34. Ke3 Rc8 35. Kd4 Rd8+ 36. Ke3 1/2-1/2

[Event "Master"]
[Site "Dortmund"]
[Date "1999.07.10"]
[Round "2"]
[White "Michaltschischin, Adrian"]
[Black "Mainka, Gregor"]
[Result "0-1"]
[WhiteElo "2550"]
[BlackElo "2340"]
[PlyCount "65"]

1. c4 e5 2. Nc3 Nc6 3. Nf3 f5 4. d4 e4 5. Ng5 Bb4 6. Nh3 Nf6 7. Bg5 h6 8. Bxf6
Qxf6 9. e3 g5 10. Be2 f4 11. Qc2 O-O 12. Bg4 d6 13. Bxc8 Raxc8 14. Qxe4 fxe3
15. fxe3 Rce8 16. Qd5+ Kg7 17. Kd2 Ne7 18. Qxb7 Nf5 19. Rae1 Nxe3 20. Qxb4 g4
21. Kc1 gxh3 22. gxh3 Qg5 23. h4 Qxh4 24. Nb5 Qf4 25. Qd2 a6 26. Nxc7 Re4 27.
b3 d5 28. Rhg1+ Kh8 29. Rg3 dxc4 30. Rgxe3 cxb3 31. Kb2 Rxd4 32. Qc3 Rc8 33.
Re4 {Zeitueberschreitung} 0-1

[Event "Master"]
[Site "Dortmund"]
[Date "1999.07.10"]
[Round "2"]
[White "Varga, Zoltan"]
[Black "Feygin, Michael"]
[Result "0-1"]
[WhiteElo "2541"]
[BlackElo "2520"]
[PlyCount "92"]

1. e4 e6 2. d4 d5 3. exd5 exd5 4. Nf3 Nf6 5. Bd3 Bg4 6. h3 Bh5 7. O-O Be7 8.
Nbd2 O-O 9. c3 Nbd7 10. Re1 c5 11. dxc5 Nxc5 12. Nb3 Nfe4 13. Bc2 Rc8 14. Be3
b6 15. Nxc5 Bxc5 16. Bxc5 bxc5 17. c4 Qb6 18. Qxd5 Nf6 19. Qd2 Bxf3 20. gxf3
Rcd8 21. Qc3 Nh5 22. Qe5 Qh6 23. Bf5 Nf4 24. Re4 Qg5+ 25. Bg4 Qxe5 26. Rxe5 g6
27. Rxc5 h5 28. Bf5 gxf5 29. Rxf5 Rd4 30. Re1 Rb8 31. b3 Rb6 32. Rg5+ Rg6 33.
Rxg6+ fxg6 34. Kh2 h4 35. Re4 Rxe4 36. fxe4 Kf7 37. b4 Ke6 38. c5 Nd3 39. a3
Nxf2 40. Kg2 Nxe4 41. Kf3 Kf5 42. c6 Ng5+ 43. Kg2 Ke6 44. b5 Kd6 45. a4 Kc7 46.
a5 a6 0-1

[Event "Master"]
[Site "Dortmund"]
[Date "1999.07.10"]
[Round "2"]
[White "Poldauf, Dirk"]
[Black "Petrosjan, Arshak"]
[Result "1/2-1/2"]
[WhiteElo "2450"]
[BlackElo "2520"]
[PlyCount "98"]

1. c4 e6 2. g3 d5 3. Bg2 dxc4 4. Qa4+ Nd7 5. Qxc4 a6 6. d4 Ngf6 7. a4 c5 8. a5
b5 9. axb6 Nxb6 10. Qc2 Nbd5 11. dxc5 Bb7 12. b4 Qd7 13. Qd2 Rd8 14. Nf3 Nxb4
15. O-O Qxd2 16. Nfxd2 Bxg2 17. Kxg2 Bxc5 18. Nb3 Be7 19. Bd2 Ra8 20. Ra4 Nbd5
21. Nc3 O-O 22. Rfa1 Rfb8 23. Nd4 Nxc3 24. Bxc3 Nd5 25. Bd2 Rb2 26. Bc1 Rb6 27.
Bd2 g6 28. R1a2 e5 29. Nf3 f6 30. e4 Nb4 31. Rb2 a5 32. Ne1 Rbb8 33. Bxb4 axb4
34. Rxa8 Rxa8 35. Nc2 Ra4 36. Kf3 Kf7 37. Rb3 Ke6 38. Ke2 f5 39. f3 Ra2 40. Kd3
h5 41. h3 Ra4 42. Kc4 Ra2 43. Nxb4 Rg2 44. Nd3 Rxg3 45. Rb6+ Bd6 46. Nc5+ Ke7
47. Rb7+ Kf6 48. Rb6 Ke7 49. Rb7+ Kf6 1/2-1/2

[Event "Master"]
[Site "Dortmund"]
[Date "1999.07.11"]
[Round "3"]
[White "Naiditsch, Arkadij"]
[Black "Varga, Zoltan"]
[Result "0-1"]
[WhiteElo "2425"]
[BlackElo "2541"]
[PlyCount "44"]

1. e4 c5 2. Nf3 a6 3. c3 e6 4. d4 d5 5. exd5 exd5 6. Be2 Nc6 7. O-O Bd6 8. Bg5
Nge7 9. dxc5 Bxc5 10. Nbd2 O-O 11. Nb3 Bd6 12. Bh4 Qc7 13. Bg3 Bxg3 14. hxg3
Qb6 15. Nfd4 a5 16. Nb5 Nf5 17. Kh1 a4 18. g4 Nh6 19. N3d4 Nxd4 20. Nxd4 Qxb2
21. Qd3 Nxg4 22. f3 Nf2+ 0-1

[Event "Master"]
[Site "Dortmund"]
[Date "1999.07.11"]
[Round "3"]
[White "Schmittdiel, Eckhard"]
[Black "Maric, Alica"]
[Result "1/2-1/2"]
[WhiteElo "2500"]
[BlackElo "2484"]
[PlyCount "82"]

1. e4 c6 2. c4 d5 3. cxd5 cxd5 4. exd5 Nf6 5. Nc3 Nxd5 6. Nf3 e6 7. d4 Bb4 8.
Qc2 Nc6 9. a3 Ba5 10. Be3 O-O 11. Bd3 h6 12. O-O Nce7 13. Rac1 Bd7 14. Qe2 Rc8
15. Ne4 Rxc1 16. Rxc1 Bc7 17. Bb1 Nxe3 18. fxe3 Bc6 19. Qc2 Ng6 20. Qf2 Re8 21.
Nc5 Nf8 22. b4 Nd7 23. Nxd7 Qxd7 24. Qc2 f5 25. b5 Bxf3 26. Qxc7 Qxc7 27. Rxc7
Bd5 28. a4 Kf8 29. a5 Re7 30. b6 axb6 31. axb6 Ke8 32. Rc5 Rd7 33. Bd3 Kd8 34.
Kf2 Rd6 35. Rb5 Ke7 36. h3 g6 37. g4 Kf6 38. gxf5 gxf5 39. Be2 Rc6 40. Rb2 Rc3
41. Bf3 Bxf3 1/2-1/2

[Event "Master"]
[Site "Dortmund"]
[Date "1999.07.11"]
[Round "3"]
[White "Petrosjan, Arshak"]
[Black "Bischoff, Klaus"]
[Result "1/2-1/2"]
[WhiteElo "2520"]
[BlackElo "2500"]
[PlyCount "138"]

1. Nf3 Nf6 2. g3 d5 3. Bg2 e6 4. c4 Be7 5. O-O O-O 6. d4 Nbd7 7. Qc2 c6 8. b3
b5 9. c5 a5 10. Nbd2 b4 11. e4 Ba6 12. Re1 Ne8 13. e5 Nc7 14. h4 Nb5 15. Bb2
Re8 16. Nf1 Qb8 17. Ne3 Qa7 18. Ng5 Nf8 19. f4 Bc8 20. Bf1 h6 21. Nf3 Bd7 22.
f5 exf5 23. Bxb5 cxb5 24. Nxf5 Bxf5 25. Qxf5 Qa6 26. Rac1 Qe6 27. g4 Rec8 28.
Rc2 Ng6 29. Rh2 a4 30. Bc1 axb3 31. axb3 Ra1 32. h5 Nf8 33. Bd2 Ra3 34. Rb1
Rca8 35. Bxb4 Ra1 36. Rhb2 Qa6 37. Bd2 Ne6 38. Kf2 Qc8 39. Kg3 R8a6 40. Qd3
Rxb1 41. Qxb1 Qa8 42. Qf1 Qb8 43. Kg2 Qc8 44. Kh3 Qd7 45. Rb1 Ra3 46. Kg3 Bd8
47. Qd3 Ra2 48. Rc1 Qc6 49. Rc2 Ra3 50. Bc1 Ra1 51. Bb2 Ra6 52. Bc1 Ra1 53. Qc3
Ra6 54. Be3 Bc7 55. Kh3 Bd8 56. Rc1 Ra2 57. Kg3 Qa6 58. Qd3 Qc6 59. Rc2 Ra3 60.
Rf2 Qd7 61. Rc2 Qc6 62. Kg2 Ra1 63. Kh3 Rh1+ 64. Kg3 Ra1 65. Bc1 Ra6 66. Qf5
Ra1 67. Bb2 Ra6 68. Bc1 Ra1 69. Be3 Ra3 1/2-1/2

[Event "Master"]
[Site "Dortmund"]
[Date "1999.07.11"]
[Round "3"]
[White "Mainka, Gregor"]
[Black "Poldauf, Dirk"]
[Result "0-1"]
[WhiteElo "2340"]
[BlackElo "2450"]
[PlyCount "110"]

1. Nf3 Nf6 2. g3 g6 3. b3 Bg7 4. Bb2 d6 5. d4 c5 6. c4 cxd4 7. Nxd4 d5 8. Bg2
e5 9. Nc2 d4 10. Ba3 Bf8 11. O-O Bxa3 12. Nbxa3 Nc6 13. f4 e4 14. Nb5 d3 15.
exd3 exd3 16. Ne3 a6 17. Nc3 Qd4 18. Qd2 O-O 19. Kh1 Bf5 20. Ncd5 Ne4 21. Qe1
d2 22. Qd1 Rfe8 23. Qf3 Nc5 24. Rad1 Be4 25. Qf2 Bxg2+ 26. Nxg2 Qxf2 27. Rxf2
Ne4 28. Rfxd2 Nxd2 29. Nf6+ Kf8 30. Nxe8 Ne4 31. Nc7 Rc8 32. Re1 Nf2+ 33. Kg1
Nh3+ 34. Kf1 Rxc7 35. Ne3 Re7 36. Kg2 Nd4 37. Rd1 Nxf4+ 38. gxf4 Nxb3 39. Kf3
Nc5 40. Rd5 Ne6 41. f5 gxf5 42. Nxf5 Rc7 43. Ne3 Kg7 44. Ke4 Kg6 45. Rd2 Ng5+
46. Kf4 Re7 47. Rd6+ f6 48. Nd5 Re6 49. Rd7 Re4+ 50. Kg3 Rxc4 51. Rxb7 Ra4 52.
Ne7+ Kh5 53. Nd5 Ra3+ 54. Rb3 Rxb3+ 55. axb3 Kg6 0-1

[Event "Master"]
[Site "Dortmund"]
[Date "1999.07.11"]
[Round "3"]
[White "Feygin, Michael"]
[Black "Michaltschischin, Adrian"]
[Result "1/2-1/2"]
[WhiteElo "2520"]
[BlackElo "2550"]
[PlyCount "101"]

1. e4 e5 2. Nf3 Nc6 3. d4 exd4 4. Nxd4 Nf6 5. Nxc6 bxc6 6. e5 Qe7 7. Qe2 Nd5 8.
c4 Nb6 9. Nc3 g6 10. Ne4 Bg7 11. Bg5 Qb4+ 12. Qd2 Qxd2+ 13. Kxd2 Bxe5 14. Nf6+
Bxf6 15. Re1+ Kf8 16. Bxf6 Rg8 17. Bd8 d5 18. c5 Nc4+ 19. Kc3 Be6 20. Bxc7 a5
21. a4 Ra7 22. Bf4 Rb7 23. b3 d4+ 24. Kxd4 Nb2 25. Bb5 Kg7 26. Be5+ Kh6 27.
Bxc6 Rb4+ 28. Kc3 Rxb3+ 29. Kc2 Nd3 30. Bb5 Nxe1+ 31. Rxe1 Rb4 32. Bc3 Bf5+ 33.
Kd2 Rd8+ 34. Ke2 Re4+ 35. Kf1 Rxe1+ 36. Kxe1 Rc8 37. Bd4 Be4 38. f3 Bc6 39. Kd2
g5 40. Kc3 Bd5 41. Bd7 Rc7 42. Bb5 f5 43. Bc4 Bb7 44. Bd3 Bc8 45. Bb5 f4 46.
Bf2 Bb7 47. Kd4 Re7 48. Kd3 Bd5 49. Kd4 Bb7 50. Kd3 Bd5 51. Kd4 1/2-1/2

[Event "Master"]
[Site "Dortmund"]
[Date "1999.07.12"]
[Round "4"]
[White "Varga, Zoltan"]
[Black "Michaltschischin, Adrian"]
[Result "1-0"]
[WhiteElo "2541"]
[BlackElo "2550"]
[PlyCount "63"]

1. e4 e5 2. Nf3 Nc6 3. d4 exd4 4. Nxd4 Bc5 5. Nb5 Bb4+ 6. Bd2 a5 7. a3 Bxd2+ 8.
Qxd2 Nf6 9. N1c3 O-O 10. O-O-O d6 11. f4 Re8 12. Re1 Bd7 13. h3 a4 14. Nd4 Nxd4
15. Qxd4 Qb8 16. Rd1 Be6 17. Bd3 Qa7 18. Qxa7 Rxa7 19. Rhe1 Ra5 20. g3 Kf8 21.
Kd2 Rh5 22. h4 Rc5 23. Re2 h5 24. Rde1 Ng8 25. b4 axb3 26. cxb3 Ra5 27. a4 Raa8
28. Kc2 g6 29. Kb2 Nf6 30. Bc2 b6 31. b4 Re7 32. Bb3 {Notation unleserlich} 1-0

[Event "Master"]
[Site "Dortmund"]
[Date "1999.07.12"]
[Round "4"]
[White "Maric, Alica"]
[Black "Petrosjan, Arshak"]
[Result "1/2-1/2"]
[WhiteElo "2484"]
[BlackElo "2520"]
[PlyCount "27"]

1. d4 d5 2. c4 e6 3. Nc3 Be7 4. Nf3 Nf6 5. Bg5 h6 6. Bh4 O-O 7. e3 b6 8. Bd3
Bb7 9. O-O Nbd7 10. Qe2 c5 11. Rac1 dxc4 12. Bxc4 a6 13. a4 cxd4 14. exd4
1/2-1/2

[Event "Master"]
[Site "Dortmund"]
[Date "1999.07.14"]
[Round "5"]
[White "Mainka, Gregor"]
[Black "Maric, Alisa"]
[Result "1/2-1/2"]
[WhiteElo "2340"]
[BlackElo "2489"]
[PlyCount "85"]

1. Nf3 Nf6 2. g3 d5 3. Bg2 e6 4. O-O Be7 5. d4 b5 6. Bg5 Bb7 7. Nbd2 Nbd7 8.
Nb3 a5 9. a4 b4 10. Ne1 c5 11. dxc5 Nxc5 12. Bxf6 gxf6 13. Nxc5 Bxc5 14. e4
dxe4 15. Qe2 O-O 16. Bxe4 Bxe4 17. Qxe4 Qd4 18. Qxd4 Bxd4 19. Nd3 Rac8 20. Rac1
Rc7 21. Rfe1 f5 22. Kf1 e5 23. f3 Re8 24. Re2 Kf8 25. b3 f6 26. Rd1 Rec8 27.
Ne1 Bc3 28. Ng2 Kf7 29. Ne3 Kg6 30. Nc4 Bd4 31. f4 Rc5 32. Kg2 R8c6 33. Red2 h5
34. Kf3 Re6 35. fxe5 fxe5 36. Re2 Kf6 37. Kg2 Rec6 38. Rd3 Re6 39. Re1 Rec6 40.
Rf3 Kg6 41. Re2 Rc7 42. Rd3 Kf6 43. Red2 1/2-1/2

[Event "Master"]
[Site "Dortmund"]
[Date "1999.07.14"]
[Round "5"]
[White "Feigin, Michael"]
[Black "Bischoff, Klaus"]
[Result "1/2-1/2"]
[WhiteElo "2500"]
[BlackElo "2509"]
[PlyCount "28"]

1. e4 c5 2. Nf3 d6 3. d4 cxd4 4. Nxd4 Nf6 5. Nc3 a6 6. Be3 e5 7. Nb3 Be6 8. Qd2
Nbd7 9. f3 h5 10. Be2 Qc7 11. a4 Be7 12. a5 Rc8 13. O-O O-O 14. Rfc1 Qc6
1/2-1/2

[Event "Master"]
[Site "Dortmund"]
[Date "1999.07.14"]
[Round "5"]
[White "Michaltschischin, Adrian"]
[Black "Poldauf, Dirk"]
[Result "1/2-1/2"]
[WhiteElo "2552"]
[BlackElo "2453"]
[PlyCount "82"]

1. Nf3 Nf6 2. c4 g6 3. b4 a5 4. b5 Bg7 5. Bb2 O-O 6. e3 c5 7. Be2 d6 8. d4 cxd4
9. exd4 e6 10. O-O b6 11. Nc3 Bb7 12. Rc1 Nbd7 13. Ba3 Qc7 14. Qd2 Rfe8 15.
Rfd1 Rac8 16. h3 Qb8 17. Na4 e5 18. dxe5 dxe5 19. Bd6 Qa7 20. Qe3 Ba8 21. Nd2
Re6 22. Ba3 h5 23. Nf3 Bxf3 24. Bxf3 e4 25. Be2 Kh7 26. Bd6 Bh6 27. Bf4 Bf8 28.
Qg3 Rce8 29. Be3 Re5 30. Rc2 Rf5 31. Rcd2 Re6 32. Rd4 Qb7 33. Qh4 Nc5 34. Nc3
Bh6 35. Qg3 Bg7 36. Nd5 Nxd5 37. Rxd5 Be5 38. Qh4 Bf6 39. Qg3 Be5 40. Qh4 Bf6
41. Qg3 Be5 1/2-1/2

[Event "Master"]
[Site "Dortmund"]
[Date "1999.07.15"]
[Round "6"]
[White "Varga, Zoltan"]
[Black "Poldauf, Dirk"]
[Result "1-0"]
[WhiteElo "2541"]
[BlackElo "2453"]
[PlyCount "118"]

1. d4 Nf6 2. c4 g6 3. Nc3 Bg7 4. e4 d6 5. f3 O-O 6. Be3 e5 7. Nge2 c6 8. Qd2
Nbd7 9. O-O-O a6 10. Kb1 b5 11. Nc1 exd4 12. Bxd4 b4 13. Na4 c5 14. Be3 Ne8 15.
h4 h5 16. Nd3 Qa5 17. b3 Nc7 18. Nf4 Nb5 19. Nd5 Nc3+ 20. Naxc3 bxc3 21. Qc2
Bb7 22. Ne7+ Kh7 23. Rxd6 Ne5 24. Nd5 Bxd5 25. Rxd5 Rfd8 26. Be2 Rxd5 27. exd5
Qb4 28. f4 Nd7 29. Bxh5 a5 30. Bd1 Nb6 31. h5 Nxc4 32. hxg6+ Kg8 33. gxf7+ Kf8
34. Qh7 c2+ 35. Bxc2 Na3+ 36. Kc1 Qc3 37. Qd3 Qa1+ 38. Kd2 Qxh1 39. Bxc5+ Kxf7
40. Qg6+ Kg8 41. Bxa3 Rd8 42. Be4 Kh8 43. Qe6 Qh4 44. Qh3 Qxh3 45. gxh3 Bf6 46.
Ke3 Kg7 47. d6 Bc3 48. Bf5 Kf6 49. Bg4 Kf7 50. d7 Bb4 51. Bb2 Be7 52. Be5 a4
53. Ke4 Ra8 54. f5 Bf6 55. h4 Ke7 56. Bxf6+ Kxf6 57. Kd5 Ke7 58. f6+ Kd8 59.
Ke6 Ra6+ 1-0

[Event "Master"]
[Site "Dortmund"]
[Date "1999.07.15"]
[Round "6"]
[White "Bischoff, Klaus"]
[Black "Michaltschischin, Adrian"]
[Result "1/2-1/2"]
[WhiteElo "2509"]
[BlackElo "2552"]
[PlyCount "35"]

1. c4 Nf6 2. Nc3 e5 3. Nf3 Nc6 4. d3 d5 5. cxd5 Nxd5 6. e3 Be7 7. Be2 O-O 8.
O-O Kh8 9. Bd2 f5 10. Nxd5 Qxd5 11. Bc3 Be6 12. Qb1 a5 13. b3 Bf6 14. Rd1 f4
15. exf4 exf4 16. d4 Bg4 17. Qb2 Rae8 18. h3 1/2-1/2

[Event "Master"]
[Site "Dortmund"]
[Date "1999.07.15"]
[Round "6"]
[White "Maric, Alisa"]
[Black "Feigin, Michael"]
[Result "0-1"]
[WhiteElo "2489"]
[BlackElo "2500"]
[PlyCount "76"]

1. Nf3 d5 2. d4 c6 3. c4 e6 4. e3 Nf6 5. Bd3 Nbd7 6. O-O dxc4 7. Bxc4 Bd6 8.
Nc3 O-O 9. e4 b5 10. Bd3 e5 11. h3 Bb7 12. a3 a6 13. Be3 Re8 14. dxe5 Nxe5 15.
Nxe5 Bxe5 16. Qc2 c5 17. Bxc5 Rc8 18. b4 Nd7 19. Rad1 Nxc5 20. bxc5 Qa5 21. Nb1
h6 22. Kh1 Bd4 23. Bc4 Rxe4 24. c6 Bxc6 25. Bd5 Ree8 26. Bxc6 Bf6 27. Rd6 Re1
28. Nd2 Qxa3 29. Qf5 Rxf1+ 30. Nxf1 Rc7 31. Be4 Qxd6 32. Ng3 Be5 33. Qh7+ Kf8
34. Qh8+ Ke7 35. Nf5+ Kd7 36. g3 Qd1+ 37. Kg2 Rc8 38. Qh7 Rc1 0-1

[Event "Master"]
[Site "Dortmund"]
[Date "1999.07.15"]
[Round "6"]
[White "Naiditsch, Arkadij"]
[Black "Mainka, Gregor"]
[Result "1-0"]
[WhiteElo "2417"]
[BlackElo "2340"]
[PlyCount "64"]

1. e4 e6 2. d4 d5 3. Nc3 Bb4 4. exd5 exd5 5. Bd3 Ne7 6. Qh5 Be6 7. Nge2 Qd7 8.
Qe5 f6 9. Qg3 O-O 10. O-O Nbc6 11. Nb5 Ba5 12. c3 Nf5 13. Qf3 Nce7 14. Nf4 Bf7
15. Qh3 c6 16. Na3 g6 17. Nc2 Bc7 18. Re1 Bxf4 19. Bxf4 Be6 20. g4 Ng7 21. Qg3
h5 22. h3 Kf7 23. f3 Rh8 24. Re2 g5 25. Bd6 Ng6 26. Rae1 Nh4 27. Ba3 Rh6 28.
Ne3 Rah8 29. Nf5 Nxf3+ 30. Qxf3 hxg4 31. Nxh6+ Rxh6 32. hxg4 Bxg4 1-0

[Event "Master"]
[Site "Dortmund"]
[Date "1999.07.15"]
[Round "6"]
[White "Schmittdiel, Eckhard"]
[Black "Petrosjan, Arshak"]
[Result "1/2-1/2"]
[WhiteElo "2505"]
[BlackElo "2514"]
[PlyCount "94"]

1. e4 c5 2. c3 d5 3. exd5 Qxd5 4. d4 Nf6 5. Nf3 e6 6. Nbd2 Nc6 7. Bc4 Qd8 8.
Nb3 cxd4 9. Nbxd4 Bd7 10. Bf4 Nxd4 11. Nxd4 Be7 12. O-O O-O 13. Qe2 Rc8 14.
Rad1 Qa5 15. Rfe1 Rfe8 16. Be5 a6 17. Nb3 Qd8 18. Rd4 b5 19. Bd3 g6 20. c4 Qb6
21. Bxf6 Bxf6 22. Rxd7 bxc4 23. Qf3 Kg7 24. Rb7 Qd6 25. Bxc4 Rxc4 26. Rd1 Qe5
27. g3 Re7 28. Rxe7 Bxe7 29. Qb7 Rc7 30. Qxa6 Qxb2 31. Rd2 Qb1+ 32. Kg2 Qe4+
33. f3 Qe3 34. Qf1 Bf6 35. Re2 Qa7 36. Qf2 Qa6 37. Rc2 Rxc2 38. Qxc2 h5 39. Nc1
Bd4 40. a4 Qa5 41. Ne2 Bf6 42. h4 Qe1 43. f4 e5 44. fxe5 Bxe5 45. Qe4 f6 46.
Qb7+ Kh6 47. Qe4 Kg7 1/2-1/2

[Event "Master"]
[Site "Dortmund"]
[Date "1999.07.16"]
[Round "7"]
[White "Feigin, Michael"]
[Black "Naiditsch, Arkadij"]
[Result "0-1"]
[WhiteElo "2500"]
[BlackElo "2417"]
[PlyCount "80"]

1. e4 c5 2. Nf3 d6 3. d4 cxd4 4. Nxd4 Nf6 5. Nc3 a6 6. Be3 e5 7. Nb3 Be6 8. f3
Be7 9. Qd2 Nbd7 10. Nd5 Nxd5 11. exd5 Bf5 12. Bd3 Bxd3 13. Qxd3 Bh4+ 14. g3 Bg5
15. Bxg5 Qxg5 16. Na5 Nc5 17. Qd2 Qe7 18. a4 O-O 19. b4 Nd7 20. O-O Rab8 21. c4
f5 22. Rfe1 f4 23. Kg2 Qf6 24. Ra3 b6 25. Nc6 Rbc8 26. a5 bxa5 27. b5 axb5 28.
cxb5 a4 29. Qb2 Nb6 30. Qa2 Qf7 31. Rd3 g5 32. Re4 g4 33. gxf4 gxf3+ 34. Kxf3
Kh8 35. Kf2 Qh5 36. Kg1 Rg8+ 37. Rg3 Qd1+ 38. Kf2 Qh1 39. Rxg8+ Rxg8 40. Ke3
Rg2 0-1

[Event "Master"]
[Site "Dortmund"]
[Date "1999.07.16"]
[Round "7"]
[White "Poldauf, Dirk"]
[Black "Bischoff, Klaus"]
[Result "1/2-1/2"]
[WhiteElo "2453"]
[BlackElo "2509"]
[PlyCount "32"]

1. c4 b6 2. Nc3 e6 3. e4 Bb7 4. Nf3 Bb4 5. d3 Ne7 6. Be2 O-O 7. O-O Bxc3 8.
bxc3 d6 9. Nh4 Nd7 10. f4 f5 11. exf5 exf5 12. Bf3 Bxf3 13. Nxf3 Nf6 14. a4 Qd7
15. a5 Nc6 16. axb6 axb6 1/2-1/2

[Event "Master"]
[Site "Dortmund"]
[Date "1999.07.17"]
[Round "8"]
[White "Naiditsch, Arkadij"]
[Black "Michaltschischin, Adrian"]
[Result "1/2-1/2"]
[WhiteElo "2417"]
[BlackElo "2552"]
[PlyCount "25"]

1. e4 e5 2. Nf3 Nc6 3. Bb5 Nf6 4. O-O Nxe4 5. Re1 Nd6 6. Nxe5 Nxe5 7. Rxe5+ Be7
8. Bf1 O-O 9. Nc3 Bf6 10. Re1 b6 11. Nd5 Bb7 12. Nxf6+ Qxf6 13. d4 1/2-1/2

[Event "Master"]
[Site "Dortmund"]
[Date "1999.07.17"]
[Round "8"]
[White "Petrosjan, Arshak"]
[Black "Mainka, Gregor"]
[Result "1-0"]
[WhiteElo "2514"]
[BlackElo "2340"]
[PlyCount "65"]

1. Nf3 g6 2. d4 Bg7 3. g3 d5 4. c4 c6 5. Qb3 dxc4 6. Qxc4 Be6 7. Qa4 Nf6 8. Nc3
O-O 9. Bg2 Nd5 10. O-O Nd7 11. Rd1 h6 12. e4 N7b6 13. Qc2 Nb4 14. Qb1 Qe8 15.
a3 Na6 16. Qc2 Rd8 17. h3 f6 18. b4 Qf7 19. Rb1 f5 20. Ne5 Bxe5 21. dxe5 g5 22.
Rxd8 Rxd8 23. exf5 Bxf5 24. Ne4 Qe6 25. g4 Bg6 26. f4 gxf4 27. Bxf4 Nd5 28. Qd2
Nxf4 29. Qxd8+ Kg7 30. Rd1 Nxg2 31. Rd7 Bf7 32. Rxe7 Qc4 33. e6 1-0

[Event "Master"]
[Site "Dortmund"]
[Date "1999.07.18"]
[Round "9"]
[White "Mainka, Gregor"]
[Black "Varga, Zoltan"]
[Result "0-1"]
[WhiteElo "2340"]
[BlackElo "2541"]
[PlyCount "74"]

1. Nf3 d5 2. e3 Nf6 3. c4 e6 4. b3 Be7 5. Bb2 O-O 6. d4 c5 7. dxc5 dxc4 8. Qxd8
Rxd8 9. Bxc4 Bxc5 10. Nbd2 a6 11. Ke2 b6 12. Bd3 Bb7 13. Bxf6 gxf6 14. Be4 Nc6
15. g4 Rd7 16. a3 a5 17. Rhc1 Rc8 18. Rc3 Rdc7 19. Ra2 h6 20. h3 Kf8 21. Ke1
Ke7 22. Nb1 Nb4 23. axb4 Bxe4 24. bxc5 Bxb1 25. Rb2 Bg6 26. b4 axb4 27. Rxb4
bxc5 28. Rbc4 Kd6 29. Nd2 Rb8 30. e4 f5 31. f3 fxe4 32. fxe4 e5 33. Nb3 Rb4 34.
Ke2 Bxe4 35. Rxc5 Rxc5 36. Nxc5 Bd5 37. Nd3 37... Ra4 {Zeitueberschreitung} 0-1

[Event "Master"]
[Site "Dortmund"]
[Date "1999.07.18"]
[Round "9"]
[White "Michaltschischin, Adrian"]
[Black "Schmittdiel, Eckhard"]
[Result "1-0"]
[WhiteElo "2552"]
[BlackElo "2505"]
[PlyCount "93"]

1. Nf3 Nf6 2. c4 e6 3. Nc3 Bb4 4. g3 b6 5. Bg2 Bb7 6. d3 O-O 7. e4 d5 8. e5
Nfd7 9. cxd5 Bxd5 10. O-O Bb7 11. d4 Nc6 12. Qc2 Be7 13. a3 Qc8 14. Bf4 Re8 15.
Rad1 Bd8 16. h4 Ne7 17. Ng5 Nf8 18. Qa4 c6 19. Nge4 Bc7 20. h5 Nd5 21. Bc1 h6
22. f4 Nh7 23. Qc2 f5 24. Nxd5 cxd5 25. Nc3 Qd7 26. Bf3 Kh8 27. g4 fxg4 28.
Bxg4 Qe7 29. Qg2 Rad8 30. Rf3 Rf8 31. Rdf1 Bc8 32. Be3 Rf7 33. f5 exf5 34. Bxf5
Rxf5 35. Rxf5 Bxf5 36. Rxf5 Qe6 37. Qg6 Qg8 38. Rf7 Bxe5 39. dxe5 d4 40. Bxh6
gxh6 41. Ne4 d3 42. e6 d2 43. Nxd2 Rxd2 44. e7 Re2 45. Kf1 Re5 46. Rf8 Nxf8 47.
Qf6+ 1-0